| 000 | 00430cam a2200181ua 4500 | ||
|---|---|---|---|
| 020 | _c0.75 | ||
| 041 |
_amal _h |
||
| 082 |
_a894.812 09 _bSHA/EZ |
||
| 100 | _aSharma, K V . | ||
| 245 |
_aEzhuthachan sahityam / _cK V Sharma. _hTextual Documents |
||
| 250 |
_a1 / _b. |
||
| 260 |
_aKottayam : _bNational Book Stall , _c1955. |
||
| 300 | _a80 ; . | ||
| 365 | _a0.75 | ||
| 504 | _a | ||
| 942 | _cBK | ||
| 999 |
_c6488 _d6488 |
||